• 首页
  • 本馆介绍
  • 公告通知
  • 最新文献
  • 馆藏检索
  • 电子资源
  • 读者导购
  • 参考咨询
  • 我的图书馆
  • 登录
  • 详细信息显示
  • 放入我的书架
  • 预约/预借图书
  • 作者相关作品
  • 分类相关作品
  • 丛书相关作品
  • 出版社相关作品

书目信息

  • 表格格式
  • 工作单格式
  • 卡片格式
题名:
基因表达技术
    
 
作者: 李育阳
分册:  
出版信息: 北京   科学出版社  2001
页数: 277
开本: 26cm
丛书名: 863生物高技术丛书
单 册:
中图分类: Q753
科图分类:
主题词: 分子遗传学
电子资源:
ISBN: 7-03-008612-0
000 00559nam0 2200205 450
001 0741144344
005 20070817112544.34
010    @a7-03-008612-0@d¥38.00
100    @a20070817d km y0chiy0120 ea
101 0  @achi
200 1  @a基因表达技术@Aji yin biao da ji shu@f李育阳@Fli yu yang
210    @a北京@c科学出版社@d2001
215    @a277@d26cm
225 2  @a863生物高技术丛书
410  0 @12001 @a863生物高技术丛书
606 0  @a分子遗传学
690    @aQ753@v3
701  0 @a李育阳@Ali yu yang
801  0 @aCN@bPFT@c20070817
905    @a213230@dQ753@en3@f1
    
    基因表达技术/李育阳.-北京:科学出版社,2001
    277;26cm.-(863生物高技术丛书)
    
    
    ISBN 7-03-008612-0:¥38.00
    
●
相关链接 在E读中查询图书 在五车中查询图书 在当当中查询图书 在豆瓣中查询图书


正题名:基因表达技术     索取号:Q753/n3         预约/预借

序号 登录号 条形码 馆藏地/架位号 状态 备注
1 6600250   266002504   密集书库-生命科学系/ [索取号:Q753/n3] 在馆    
唐山师范学院图书馆 欢迎您!
大连网信软件有限公司© 版权所有